000 00306nam a2200133 i 4500
001 bg
100 1 _aKEBSCHULL, G.
245 0 _aProgrammieren mit Turbo C++ /
_cG. Kebschull.
260 _aWurzburg,
_c1991.
040 _cBPK
041 _apol
942 _cKS
008 s pl f |000 0 pol
999 _c29429
_d29429
856 _uhttp://koha.tu.koszalin.pl/cgi-bin/koha/opac-detail.pl?biblionumber=29429
_yKatalog online BPK